000 00726nam a2200229 a 4500
001 000023110
005 20200930022008.0
008 101126s1992 xxua 001 0 spa d
020 _a0917049616
040 _aDO-SdBNP
_bspa
_cBNPHU
082 _ann*
_bnn*
100 1 _aClark, Juan.
_947577
245 1 0 _aCuba : mito y realidad :
_bTestimonios de un pueblo /
_cJuan Clark ; colaboración Angel de Fana, Juan Figueras y Roberto Lozano.
250 _a2a ed.
260 _aMiami :
_bSaeta,
_c1992.
300 _axli, 711 p. :
_bil. ;
_c27 cm.
500 _aIncluye índice de nombres y temas.
700 1 _aDe Fana, Angel.
_947578
700 1 _aFigueras, Juan.
_947579
700 1 _aLozano, Roberto.
_947580
049 _aBNGR
999 _c22607
_d22607